LEADER 00955nam1 2200349 450 001 990000470980203316 035 $a0047098 035 $aUSA010047098 035 $a(ALEPH)000047098USA01 035 $a0047098 100 $a20010525d1992----km-y0itay0103----ba 101 $aita 102 $aIT 105 $a||||||||001yy 200 1 $aRicordanze$fFrancesco di Matteo Castellani 210 $aFirenze$cOlschki$d1992 215 $av.$d24 cm 410 $12001 676 $a851.2 700 1$aCASTELLANI,$bFrancesco$0537756 801 0$aIT$bsalbc$gISBD 912 $a990000470980203316 951 $aVIII C COLL. 37$bLM$cVIII C COLL. 959 $aBK 969 $aUMA 979 $aPATTY$b90$c20010525$lUSA01$h1427 979 $aPATTY$b90$c20010525$lUSA01$h1427 979 $aPATTY$b90$c20010525$lUSA01$h1430 979 $c20020403$lUSA01$h1655 979 $aPATRY$b90$c20040406$lUSA01$h1633 996 $aRicordanze$9888849 997 $aUNISA LEADER 01995nas 2200445 n 450 001 990008896860403321 005 20240229084548.0 011 $a1029-564X 035 $a000889686 035 $aFED01000889686 035 $a(Aleph)000889686FED01 035 $a000889686 091 $2CNR$aP 00005547 100 $a20161109b19391953km-y0itaa50------ba 101 0 $aita 102 $aLB 110 $aauu-------- 200 1 $aAnnali del Museo Libico di Storia Naturale 207 1$a1939-1953 210 $aTripoli$cGoverno della Libia 326 $aAnnuale 530 0 $aAnnali del Museo Libico di Storia Naturale 675 $a55 675 $a56 675 $a58 675 $a59 712 02$aMuseo Libico di Storia Naturale 801 0$aIT$bACNP$c20090723 859 4 $uhttp://acnp.cib.unibo.it/cgi-ser/start/it/cnr/dc-p1.tcl?catno=2694&person=false&language=ITALIANO&libr=&libr_th=unina1$zBiblioteche che possiedono il periodico 901 $aSE 912 $a990008896860403321 958 $aBiblioteca del Gruppo Geomineralogico - Università degli studi di Napoli Federico II$b1939-1953.$eSc. 15$fGM1 958 $aBiblioteca del Dipartimento di Entomologia e Zoologia Agraria dell'Università degli Studi di Napoli Federico II$b1939-1940;$fDAGEN 959 $aGM1 959 $aDAGEN 996 $aAnnali del Museo Libico di Storia Naturale$9801257 997 $aUNINA AP1 8 $6866-01$aNA081 Biblioteca del Gruppo Geomineralogico - Università degli studi di Napoli Federico II$bSc. 15$elargo San Marcellino, 10, 80138 Napoli (NA)$m0812538157$nit AP1 8 $6866-02$aNA219 Biblioteca del Dipartimento di Entomologia e Zoologia Agraria dell'Università degli Studi di Napoli Federico II$eVia Università, 100, 80055 Portici (NA)$m0812539188$m0817755145$nit AP2 40$aacnp.cib.unibo.it$nACNP Italian Union Catalogue of Serials$uhttp://acnp.cib.unibo.it/cgi-ser/start/it/cnr/df-p.tcl?catno=2694&language=ITALIANO&libr=&person=&B=1&libr_th=unina&proposto=NO